Biblioteca

Consejos de renombrados líderes evangélicos latinoamericanos (Registro nro. 56210)

Detalles MARC
000 -LÍDER
Campo fijo de descripción fija 01118aab a2200217 i 4500
001 - NÚMERO DE CONTROL
Campo de control 768714001
003 - IDENTIFICADOR DEL NÚMERO DE CONTROL
Campo de control CO-MdFUSB
005 - FECHA Y HORA DE LA ULTIMA TRANSACCIÓN
control field 20250721100603.0
008 - ELEMENTOS DE LONGITUD FIJA -- INFORMACIÓN GENERAL
Campo fijo de descripción fija -- Información general 170512s1996 cr ||||| |||| 00| 0 spa d
040 ## - FUENTE DE CATALOGACIÓN
Idioma de catalogación spa
Agencia que realiza la transcripción CO-MdFUSB
041 ## - CÓDIGO DE IDIOMA
Código de idioma para texto/pista de sonido o título separado spa
100 ## - ASIENTO PRINCIPAL--NOMBRE PERSONAL
Nombre personal Hermano Pablo
Término relacionador autor
245 ## - TÍTULO
Título Consejos de renombrados líderes evangélicos latinoamericanos
Mención de responsabilidad / Hermano Pablo
300 ## - DESCRIPCIÓN FÍSICA
Extensión Volumen 16, número 1 (agosto, 1996), páginas: 12 - 23
Dimensiones ; 27 cm
520 ## - NOTA DE RESUMEN, ETC.
Nota de sumario, etc. Entrevista a varios líderes evangélicos y, algunos expresaron lo siguiente: "Donde no hay una vida limpia, una reputación buena, no hay autoridad. Nadie atiende los consejos de quienes hablan una cosa y viven otra"<br/>"No descuidar la familia sino esforzarte para ser el mejor esposo y padre posible."<br/><br/>"No permita que el enemigo le haga caer en el túnel de la fantasía espiritual donde los miembros prefieren emoción a consagración."
650 #0 - ASIENTO SECUNDARIO DE MATERIA - TERMINO TEMÁTICO
Término temático o nombre geográfico como elemento de entrada Vida cristiana
9 (RLIN) 19
653 ## - TÉRMINO DE INDIZACIÓN - NO CONTROLADO
Término no controlado Entrevistas
773 0# - ASIENTO DE ITEM FUENTE
Título Apuntes Pastorales
Biblionumber 49442
Itemnumber 60167
Parte(s) relacionada(s) / Volumen., número. (mes año), páginas Volumen 16. Número 1 (1996), páginas 12-23
Enumeración y primera página Página 12
942 ## - TIPO DE MATERIAL (KOHA)
Tipo de Item KOHA Artículos de Revista
945 ## - INFORMACIÓN LOCAL DEL REGISTRO
Catalogador JTF-925

No hay ítems disponibles.

Biblioteca FUSBC | Teléfono: (57+4) 349 88 10 Ext. 141| WhatsApp (+57) 3005338115 
E-mail: biblioteca@unisbc.edu.co | Calle 76 87-14 Robledo Palenque, Medellín, Colombia

Con tecnología Koha